Sports Quiz

Random Sports Quiz

MLS Cup Champions Quiz Stats

 Plays Quiz not verified by Sporcle

Score 0/15 Timer 06:00
0 Plays Today
Year Club % Correct
1996D.C. United
93.3%
1997D.C. United
93.3%
1999D.C. United
93.3%
2005D.C. United
93.3%
1998Chicago Fire
90%
2006Houston Dynamo
90%
2007Houston Dynamo
90%
2008Columbus Crew
90%
Year Club % Correct
2010Colorado Rapids
90%
2002L.A. Galaxy
80%
2004L.A. Galaxy
80%
2009Real Salt Lake
76.7%
2000Kansas City Wizards
73.3%
2001San Jose Earthquakes
70%
2003San Jose Earthquakes
70%

You're not logged in!

Compare scores with friends on all Sporcle quizzes.
OR
Log In

Show Comments

Extras

Created Nov 23, 2010ReportNominate
Tags:champion, club, cup, Cup Championships, MLS

Top Quizzes Today


Score Distribution

Your Account Isn't Verified!

In order to create a playlist on Sporcle, you need to verify the email address you used during registration. Go to your Sporcle Settings to finish the process.

Report this User

Report this user for behavior that violates our Community Guidelines.

Details: